Ryedale DC and Woolgrove (Record no. 20595)

MARC details
000 -LEADER
fixed length control field 00912cab a2200229 4500
001 - CONTROL NUMBER
control field X3443
008 - FIXED-LENGTH DATA ELEMENTS--GENERAL INFORMATION
fixed length control field 090401t1996 xxu||||| |||| 00| 0 eng d
035 ## - SYSTEM CONTROL NUMBER
System control number (Sirsi) u30548
041 ## - LANGUAGE CODE
Language code of text/sound track or separate title eng
245 ## - TITLE STATEMENT
Title Ryedale DC and Woolgrove
260 ## - PUBLICATION, DISTRIBUTION, ETC.
Date of publication, distribution, etc. 1996
350 ## - PRICE (NR) (BK AM CF MU VM SE) [OBSOLETE]
Price 0
490 ## - SERIES STATEMENT
Series statement Planning Appeal Decisions
Volume/sequential designation (1996) 11 PAD 236-238 (3)
520 ## - SUMMARY, ETC.
Summary, etc. Alterations and extensions to dwelling - Area of outstanding Natural Beauty - local plans - significantly larger mass - no optimum size for rural dwellings - size of house need not reflect its land ownership - would be far more dominant in landscape - effect of landscaping - unnecessary development (HEADNOTE FROM JOURNAL)
650 ## - SUBJECT ADDED ENTRY--TOPICAL TERM
Topical term or geographic name entry element AREA OF OUTSTANDING NATURAL BEAUTY
650 ## - SUBJECT ADDED ENTRY--TOPICAL TERM
Topical term or geographic name entry element EXTENSION
650 ## - SUBJECT ADDED ENTRY--TOPICAL TERM
Topical term or geographic name entry element RURAL DWELLINGS
650 ## - SUBJECT ADDED ENTRY--TOPICAL TERM
Topical term or geographic name entry element RYEDALE DC AND WOOLGROVE
690 ## - LOCAL SUBJECT ADDED ENTRY--TOPICAL TERM (OCLC, RLIN)
Topical term or geographic name as entry element PLANNING LAW AND PRACTICE-CASE LAW
942 ## - ADDED ENTRY ELEMENTS (KOHA)
Suppress in OPAC 0
948 ## - LOCAL PROCESSING INFORMATION (OCLC); SERIES PART DESIGNATOR (RLIN)
c (OCLC) 04/03/1997
Holdings
Withdrawn status Lost status Source of classification or shelving scheme Damaged status Not for loan Home library Current library Shelving location Date acquired Total Checkouts Full call number Barcode Date last seen Copy number Price effective from Koha item type
    Dewey Decimal Classification     London London Journal article 14/09/1999   X3443 30548-1001 06/08/2019 1 06/08/2019 Law report